=LDR 00000nam 2200000 4500 =001 INLIS000000000040910 =005 20140318134456.0 =006 =007 =008 ind =035 ##$$a 0010-061300000040910 =041 ##$$a ind =082 ##$$a 813 =090 ##$$a 813, Pao e =100 ##$$a Paolini, Christopher =245 ##$$a Eldest yang pertama warisan/ Christopher Paolini =260 ##$$a 2006 $b Jakarta =300 ##$$a ...Jil, ; 23 cm =650 ##$$a Fiksi =850 ##$$a NBPNMAT =990 ##$$a 90961/BPAP-NTB/2014